1309 1123 1727 1545 1321 1104 1226 1220 1850 1379 1296 1887 1103 1069 1103 1985 1421 1041 1154 1593 1640 1148 1513 1549 1407 1145 1807 1098 1031 1167 1382 1547 1258 1952 1175 1889 1241 1682 1405 1117 1160 1515 1296 1876 1783 1462 1193 1969 1598 1865 1464 1590 1790 1459 1503 1006 1841 1629 1136 1464 1547 1083 1936 1192 1971 1308 1812 1139 1168 1797 1176 1334 1325 1153 1467 1381 1544 1755 1515 1013 1005 1921 1218 1418 1659 1058 1018 1852 1355 1806 1624 1837 1650 1647 1540 1652 1982 1362 1633 BCNSPRNW ULIB Ver.6.0+V

เปลี่ยนเป็นภาษาไทย

Change to English
 แสดงรายละเอียดบรรณานุกรม
  กลับหน้าหลัก

Brief Record : Get Marc (ISO 2709) : E-mail record : QR code < ปิดหน้าต่าง
LEADER : 00000nam 2200000uu 4500
001    13399110664
003     ULIB
008    110607s2548||||th 000 0 tha d
020    9749862031
060 04 WS100^bค174 2548
245 00 Clinical practice in pediatrics :^bA comprehensive approach /^cบรรณาธิการ, กิตติ ต่อจรัส, ปรียาพันธ์ แสงอรุณ,ยุพาพิน จุลโมกข์
250    พิมพ์ครั้งที่ 1
260    กรุงเทพฯ :^bกองกุมารเวชกรรม โรงพยาบาลพระมงกุฏเกล้า,^c2548
300    [10], 325 หน้า :^bภาพประกอบ ;^c21 ซม.
650  7 กุมารเวชศาสตร์
650  7 เด็ก, โรค^xการรักษา
700 0  กิตติ ต่อจรัส,^eบรรณาธิการ
700 0  ปรียาพันธ์ แสงอรุณ,^eบรรณาธิการ
700 0  ยุพาพิน จุลโมกข์,^eบรรณาธิการ
710 2  โรงพยาบาลพระมงกุฏเกล้า. ^bกองกุมารเวชกรรม
945    ^p280^l0^i017208
945    ^p280^l0^i017068
945    ^p280^l0^i017207
995    ทศพร
999 ^a ใช้งานได้ทุกระบบ
รายการนี้ยังไม่มีแท็ก
คุณยังไม่ได้ล็อกอิน คุณสามารถมีกิจกรรมร่วมกับเว็บไซต์ได้ แต่ต้องล็อกอินก่อน ::
  ล็อกอิน

รายการสื่อสารสนเทศ

ลำดับที่ ประเภท เลขเรียก/บาร์โค้ด สถานที่ สถานะ
- ไม่พบข้อมูล -

รายการใกล้เคียง
    หัวเรื่อง [กุมารเวชศาสตร์]

BibComment


ยังไม่เคยถูกคอมเมนท์

คอมเมนท์ทรัพยากรรายการนี้
  คอมเมนท์: Clinical practice..


 Copyright 2026. Bcnsprnw @Library